[Event "Spring Tour GM Mix A 2022"]
[Site "Cattolica"]
[Date "2022.03.11"]
[Round "1.6"]
[White "Park, Evan"]
[Black "Pranav Anand"]
[Result "*"]
[WhiteElo "2296"]
[BlackElo "2436"]
[Annotator "ChessBase"]
[PlyCount "23"]
[EventDate "2022.03.10"]
[EventType "swiss"]
[EventCountry "ITA"]
[SourceTitle "playchess.com"]
[Source "ChessBase"]
[SourceQuality "1"]
[TimeControl "5400+30"]

1. d4 {[%emt 0:00:35]} d6 {[%emt 0:00:06]} 2. Nf3 {[%emt 0:00:29]} g6 {[%emt 1:31:24]} 3. c4 {[%emt 0:01:40]} Nf6 {[%emt 0:00:07]} 4. Nc3 {[%emt 0:00:07]} Bf5 {[%emt 0:00:04]} 5. Qb3 {[%emt 1:30:09]} b6 {[%emt 0:00:26]} 6. g3 {[%emt 1:28:56]} Bg7 {[%emt 0:00:29]} 7. Bg2 {[%emt 0:00:08]} Nc6 {[%emt 0:01:25]} 8. Qa4 {[%emt 0:04:18]} Bd7 {[%emt 0:00:17]} 9. Qc2 {[%emt 0:00:40]} O-O {[%emt 0:00:19]} 10. O-O {[%emt 0:04:07]} Bf5 {[%emt 0:17:02]} 11. e4 {[%emt 0:20:05]} Bg4 {[%emt 0:01:26]} 12. Be3 {[%emt 0:01:53]} *

[Event "Spring Tour GM Mix A 2022"]
[Site "Cattolica"]
[Date "2022.03.11"]
[Round "1.7"]
[White "Hjartarson, Johann"]
[Black "Kanyamarala, Tarun"]
[Result "*"]
[WhiteElo "2470"]
[BlackElo "2343"]
[Annotator "ChessBase"]
[PlyCount "29"]
[EventDate "2022.03.10"]
[EventType "swiss"]
[EventCountry "ITA"]
[SourceTitle "playchess.com"]
[Source "ChessBase"]
[SourceQuality "1"]
[TimeControl "5400+30"]

1. Nf3 {[%emt 0:00:25]} d5 {[%emt 1:31:00]} 2. d4 {[%emt 0:00:21]} Nf6 {[%emt 0:00:08]} 3. c4 {[%emt 0:00:15]} e6 {[%emt 0:00:04]} 4. g3 {[%emt 0:00:20]} Bb4+ {[%emt 0:00:32]} 5. Bd2 {[%emt 0:00:05]} Be7 {[%emt 0:00:08]} 6. Bg2 {[%emt 0:00:37]} O-O {[%emt 0:00:19]} 7. O-O {[%emt 0:00:46]} Nbd7 {[%emt 0:01:40]} 8. Qc2 {[%emt 0:03:57]} c6 {[%emt 0:01:09]} 9. Rd1 {[%emt 0:01:17]} b6 {[%emt 0:00:32]} 10. Bf4 {[%emt 0:03:33]} Ba6 {[%emt 0:00:46]} 11. Nbd2 {[%emt 0:03:49]} Nh5 {[%emt 0:17:38]} 12. Be3 {[%emt 0:06:18]} Nhf6 {[%emt 0:03:28]} 13. Bf4 {[%emt 0:02:02]} Nh5 {[%emt 0:00:07]} 14. Be3 {[%emt 0:02:19]} Nhf6 {[%emt 0:01:58]} 15. Bf4 {[%emt 0:02:19]} *

[Event "Spring Tour GM Mix A 2022"]
[Site "Cattolica"]
[Date "2022.03.11"]
[Round "1.8"]
[White "Marzaduri, Riccardo"]
[Black "Davtyan, Artur"]
[Result "*"]
[WhiteElo "2180"]
[BlackElo "2460"]
[Annotator "ChessBase"]
[PlyCount "25"]
[EventDate "2022.03.10"]
[EventType "swiss"]
[EventCountry "ITA"]
[SourceTitle "playchess.com"]
[Source "ChessBase"]
[SourceQuality "1"]
[TimeControl "5400+30"]

1. d4 {[%emt 0:00:05]} d5 {[%emt 0:05:45]} 2. c4 {[%emt 0:00:00]} e6 {[%emt 0:00:04]} 3. Nc3 {[%emt 0:00:00]} Nf6 {[%emt 0:00:30]} 4. Bg5 {[%emt 0:00:00]} Be7 {[%emt 0:04:47]} 5. Nf3 {[%emt 0:00:00]} Nbd7 {[%emt 1:21:54]} 6. e3 {[%emt 0:00:00]} h6 {[%emt 0:00:51]} 7. Bh4 {[%emt 0:00:00]} O-O {[%emt 0:01:33]} 8. Rc1 {[%emt 0:00:00]} c5 {[%emt 0:02:35]} 9. cxd5 {[%emt 0:00:00]} Nxd5 {[%emt 0:01:06]} 10. Bxe7 {[%emt 0:00:00]} Nxe7 {[%emt 0:00:22]} 11. Bd3 {[%emt 0:00:00]} b6 {[%emt 0:06:58]} 12. O-O {[%emt 0:00:00]} Bb7 {[%emt 0:01:57]} 13. Be4 {[%emt 0:00:00]} *

[Event "Spring Tour GM Mix A 2022"]
[Site "Cattolica"]
[Date "2022.03.11"]
[Round "1.9"]
[White "Dahale, Atul"]
[Black "Roshka, Yevgeniy"]
[Result "*"]
[WhiteElo "2148"]
[BlackElo "2478"]
[Annotator "ChessBase"]
[PlyCount "20"]
[EventDate "2022.03.10"]
[EventType "swiss"]
[EventCountry "ITA"]
[SourceTitle "playchess.com"]
[Source "ChessBase"]
[SourceQuality "1"]
[TimeControl "5400+30"]

1. Nf3 {[%emt 0:04:50]} c5 {[%emt 0:00:19]} 2. e4 {[%emt 0:01:32]} Nf6 {[%emt 0:00:07]} 3. e5 {[%emt 0:04:06]} Nd5 {[%emt 0:00:06]} 4. d4 {[%emt 0:00:04]} cxd4 {[%emt 0:00:04]} 5. Qxd4 {[%emt 0:00:04]} e6 {[%emt 0:00:06]} 6. g3 {[%emt 0:01:58]} Nc6 {[%emt 0:00:14]} 7. Qe4 {[%emt 0:00:06]} d6 {[%emt 0:03:45]} 8. c4 {[%emt 0:04:02]} Qa5+ {[%emt 0:06:56]} 9. Nbd2 {[%emt 0:02:46]} dxe5 {[%emt 0:02:05]} 10. Nxe5 {[%emt 0:22:34]} Ndb4 {[%emt 0:04:58]} *

[Event "Spring Tour GM Mix A 2022"]
[Site "Cattolica"]
[Date "2022.03.11"]
[Round "1.10"]
[White "Mirzoev, Emil"]
[Black "Ermitsch, Magnus"]
[Result "*"]
[WhiteElo "2460"]
[BlackElo "2127"]
[Annotator "ChessBase"]
[PlyCount "28"]
[EventDate "2022.03.10"]
[EventType "swiss"]
[EventCountry "ITA"]
[SourceTitle "playchess.com"]
[Source "ChessBase"]
[SourceQuality "1"]
[TimeControl "5400+30"]

1. d4 {[%emt 0:01:44]} d5 {[%emt 0:19:28]} 2. Bf4 {[%emt 0:01:30]} c5 {[%emt 0:02:17]} 3. e3 {[%emt 0:00:05]} cxd4 {[%emt 0:00:15]} 4. exd4 {[%emt 0:00:15]} Nc6 {[%emt 0:00:06]} 5. Nf3 {[%emt 0:00:23]} Bg4 {[%emt 0:04:31]} 6. Nbd2 {[%emt 0:03:28]} e6 {[%emt 0:01:18]} 7. c3 {[%emt 0:00:23]} Bd6 {[%emt 0:01:43]} 8. Bxd6 {[%emt 0:00:42]} Qxd6 {[%emt 0:00:01]} 9. h3 {[%emt 0:03:02]} Bh5 {[%emt 0:00:38]} 10. Bd3 {[%emt 0:00:24]} Nge7 {[%emt 0:01:38]} 11. O-O {[%emt 0:00:20]} f6 {[%emt 0:01:41]} 12. Re1 {[%emt 0:07:27]} e5 {[%emt 0:04:40]} 13. dxe5 {[%emt 0:00:18]} fxe5 {[%emt 0:58:44]} 14. Bb5 {[%emt 0:00:27]} O-O-O {[%emt 0:02:23]} *

[Event "Spring Tour GM Mix A 2022"]
[Site "Cattolica"]
[Date "2022.03.11"]
[Round "3.1"]
[White "Gumularz, Szymon"]
[Black "Deuer, Marius"]
[Result "1/2-1/2"]
[WhiteElo "2539"]
[BlackElo "2304"]
[Annotator "TA"]
[PlyCount "41"]
[EventDate "2022.03.10"]
[EventType "swiss"]
[EventCountry "ITA"]
[SourceTitle "playchess.com"]
[Source "ChessBase"]
[SourceQuality "1"]

{[%evp 9,41,21,22,20,31,23,25,16,27,19,37,55,139,70,62,58,63,0,0,0,0,0,22,0,0,-17,-12,-9,-18,-15,-2,-20,-2,-62]} 1. e4 c6 2. d4 d5 3. e5 Bf5 4. Nd2 e6 5. Nb3 Ne7 {[%cal Oc6c5]} 6. Nf3 {[%cal Bg1f3,Bf3e1,Be1d3][%mdl 32] B12: Caro-Kann: Advance Variation.} Nc8 7. Be2 Nd7 8. O-O {White has an edge.} Be7 9. Ne1 {[#]} f6 $146 ({Predecessor:} 9... c5 10. dxc5 Nxc5 11. Nxc5 Bxc5 12. Bb5+ Kf8 13. Bd3 Ne7 14. Bg5 Bxd3 15. Nxd3 Bb6 {1-0 (54) Sasikiran,K (2671)-Swiercz,D (2636) Saint Louis 2018}) 10. Bh5+ Bg6 (10... g6 $14 11. Be2 h5) 11. Bxg6+ ({Better is} 11. Nd3 $16) 11... hxg6 $14 12. Qg4 Kf7 13. exf6 ({White should try} 13. f4 $14) 13... gxf6 $11 {The position is equal.} 14. Nd3 Nd6 ({Don't do} 14... f5 15. Qe2 $16) 15. Re1 Nf8 16. Qf3 Nf5 17. c3 Bd6 18. g3 Qc7 19. Bf4 {To avoid e5} Re8 {Threatening ...e5.} 20. Bxd6 Qxd6 21. Rad1 {Weighted Error Value: White=0.12 (very precise) /Black=0.12 (very precise)} (21. Qe2 $11) 1/2-1/2

[Event "Spring Tour GM Mix A 2022"]
[Site "Cattolica"]
[Date "2022.03.11"]
[Round "3.2"]
[White "Park, Evan"]
[Black "Nesterov, Arseniy"]
[Result "1/2-1/2"]
[WhiteElo "2296"]
[BlackElo "2522"]
[Annotator "TA"]
[PlyCount "58"]
[EventDate "2022.03.10"]
[EventType "swiss"]
[EventCountry "ITA"]
[SourceTitle "playchess.com"]
[Source "ChessBase"]
[SourceQuality "1"]

{[%evp 9,58,31,39,26,46,37,38,37,52,4,12,6,7,0,0,0,0,-4,8,0,0,0,0,0,4,0,0,0,0,0,0,0,0,0,-6,-18,-14,-14,-14,-20,-14,-18,-20,-19,-7,-16,-2,-8,0,0,0]} 1. e4 e5 2. Nf3 Nc6 3. Bb5 {[%cal Bf1b5,Bb5a4,Ba4b3][%mdl 32]} a6 4. Ba4 b5 5. Bb3 Na5 6. Nc3 {[%cal Ob3f7] Strongly threatening Bxf7+! C70: Ruy Lopez: 3...a6 4 Ba4, Norwegian and Delayed Schliemann.} d6 7. d4 exd4 8. Qxd4 {[%cal Ob3f7] [#] And now Bxf7+! would win. White is slightly better.} Bb7 9. Qd3 (9. Bg5 $14 f6 10. Bxg8) 9... Nf6 {The position is equal.} 10. O-O Be7 11. Bf4 O-O 12. Rfe1 Nxb3 13. axb3 Re8 14. Rad1 {[#]} b4 $146 ({Predecessor:} 14... Bf8 15. Bg5 h6 16. Bh4 g5 17. Bg3 b4 18. Nd5 Nxd5 19. exd5 Qf6 20. Qc4 Rxe1+ 21. Nxe1 {½-½ (52) Hirneise,T (2464)-Vallejo Pons,F (2695) St Petersburg 2018}) 15. Nd5 Nxd5 16. exd5 Bf6 17. Rxe8+ Qxe8 18. Qc4 {[%csl LRb4,LRc7]} Qb5 19. Qxc7 Bxd5 20. Qxd6 Bxf3 21. gxf3 h6 {White should prevent ...Rd8.} 22. Qd5 Qxd5 23. Rxd5 $11 {[%mdl 4096] Endgame KRB-KRB} Rc8 24. Bd6 Rxc2 25. Bxb4 Rxb2 26. Rd3 Kh7 27. Bc5 Rc2 28. Be3 Rc3 29. Rd6 Rxb3 {Weighted Error Value: White=0.05 (flawless) /Black=0.04 (flawless)} 1/2-1/2

[Event "Spring Tour GM Mix A 2022"]
[Site "Cattolica"]
[Date "2022.03.11"]
[Round "3.4"]
[White "Ohanyan, Emin"]
[Black "Van Foreest, Lucas"]
[Result "*"]
[WhiteElo "2379"]
[BlackElo "2563"]
[Annotator "TA"]
[PlyCount "110"]
[EventDate "2022.03.10"]
[EventType "swiss"]
[EventCountry "ITA"]
[SourceTitle "playchess.com"]
[Source "ChessBase"]
[SourceQuality "1"]

{[%evp 17,110,4,14,13,19,9,12,14,19,0,60,52,64,66,43,16,0,14,53,0,0,-30,-15,-55,-34,-29,-24,-26,0,-12,-7,-26,-26,-37,-27,-27,-28,-28,-20,-30,-35,-27,-21,-71,-41,-70,-70,-83,-49,-46,-57,-125,-42,-104,-94,-118,-120,-123,-111,-111,-103,-105,-117,-138,-110,-104,-110,-154,-149,-179,-175,-167,-177,-174,-169,-204,-189,-400,-396,-366,-378,-399,-390,-381,-366,-423,-435,-444,-443,-435,-413,-406,-257,-363,-250]} 1. d4 d5 2. c4 e6 3. Nc3 Bb4 4. Nf3 Nf6 5. Bg5 dxc4 6. e4 h6 7. Bxf6 Qxf6 8. Bxc4 O-O 9. O-O c5 10. e5 {D39: Queen's Gambit Declined: Ragozin Defence with 5 Bg5 dxc4.} Qd8 11. Qe2 cxd4 12. Rad1 {The position is equal.} Nc6 13. Qe4 {[%mdl 1024] White has compensation.} Bd7 ({Black should play} 13... Bxc3 $11 14. bxc3 Bd7) 14. Ne2 $14 Bc5 15. Bd3 {[%csl Gd3][%cal Re4h7] White is much more active. Black has bad knights.} g6 {[#]} 16. Qg4 $146 {[%cal Od3g6] Strongly threatening Bxg6!} ({Predecessor:} 16. h4 f5 17. exf6 Qxf6 18. Nf4 Qf5 19. Nxg6 Qxe4 20. Bxe4 Rf6 21. g3 Rd8 22. Rfe1 Be8 23. Nf4 Bb4 24. Re2 Bc5 25. Bxc6 Bxc6 26. Ne5 Bd5 27. Rc1 b6 {0-1 (27) Starkov,L (1600)-Boni,R (1902) LSS email 2020}) 16... Ne7 17. Nexd4 Qb6 18. Nb3 (18. Qh4 $14 Kg7 19. b4 Bxd4 20. Qxe7 (20. Nxd4 Nd5 $11) (20. Qxd4 Qxd4 21. Nxd4 Ba4 $15)) 18... Bc6 $11 19. Rc1 Bb4 20. Be4 {[%cal Oc1c6]} Bxe4 21. Qxe4 Nd5 22. h4 Rfd8 23. g3 Bf8 24. Rc4 (24. h5 $5 {[%cal Rh5g6]} g5 25. Nfd4 $11) 24... Nb4 25. Nc1 Qb5 26. a3 Nc6 27. Nd3 Qd5 28. Nf4 Qxe4 29. Rxe4 Rac8 30. Re2 (30. Rc4 $11) 30... Be7 31. Kg2 Na5 32. Rfe1 Kg7 33. Re4 Nc4 34. R4e2 (34. Nd4 $15 Rd7 35. R1e2) 34... Nb6 (34... a6 $17 35. g4 g5 36. Nh5+ Kg6) 35. Nd2 (35. Re4 $15) 35... Rc5 {[%cal Bc8c5,Bc5b5,Bb5d5,Bd5d4][%mdl 32]} 36. Nb3 {[#]} Rb5 37. Nc1 Nc4 38. Nfd3 Rbd5 39. Rc2 b5 40. Rc3 {[%cal Oa3a4]} Rd4 41. b4 R8d5 {[%cal Bd8d5,Bd5e5,Be5e1,Be1d1,Bd1d4,Bd4b4][%mdl 32]} 42. Nf4 (42. Re2 $142) 42... Rxe5 $17 43. Rxc4 {[#]} Rxf4 {[%mdl 512]} 44. Rxf4 (44. Rxe5 Rxc4) 44... Rxe1 {[%mdl 4096] Endgame KRB-KRN} 45. Nb3 Bf6 {To avoid Rd4. ...e5 is the strong threat.} 46. Nc5 Rd1 47. a4 $2 (47. Ne4 {was necessary.} Bd4 48. Rf3) 47... bxa4 $19 48. Nxa4 Rd4 {Inhibits Rc4.} 49. Rf3 Rxb4 50. Ra3 Bd4 {To avoid Nc5} 51. Nc3 Rb2 {To avoid Ne2} 52. Nd1 Rd2 53. Ne3 Bxe3 54. Rxe3 a5 {aiming for ...Ra2.} 55. Rc3 (55. Ra3 $142) 55... Rd7 {Weighted Error Value: White=0.23 (precise) /Black=0.13 (very precise)} *

[Event "Spring Tour GM Mix A 2022"]
[Site "Cattolica"]
[Date "2022.03.11"]
[Round "3.5"]
[White "Reuker, Jari"]
[Black "Popov, Artem G."]
[Result "1-0"]
[WhiteElo "2425"]
[BlackElo "1353"]
[Annotator "TA"]
[PlyCount "77"]
[EventDate "2022.03.10"]
[EventType "swiss"]
[EventCountry "ITA"]
[SourceTitle "playchess.com"]
[Source "ChessBase"]
[SourceQuality "1"]

{[%evp 19,77,0,0,0,0,-39,0,0,0,0,10,6,15,16,85,62,50,59,105,50,61,31,25,0,0,-20,110,93,185,175,188,185,217,175,200,166,247,271,677,611,812,866,969,929,888,866,854,819,771,420,845,416,714,421,413,301,29993,29994,29996,882]} 1. e4 {[%cal Be2e4,Be4e5][%mdl 32]} c5 2. Nf3 Nf6 3. e5 Nd5 4. Nc3 e6 5. Nxd5 exd5 6. d4 Nc6 7. dxc5 Bxc5 8. Qxd5 d6 9. exd6 Qb6 10. Bc4 Bxf2+ 11. Kf1 {B29: Sicilian: 2 Nf3 Nf6 (Nimzowitsch Variation).} O-O {[#]} 12. Qh5 $146 (12. d7 Bxd7 $1 13. Qd2 (13. Qxd7 $2 Rad8 $19) 13... Bd4 $15) ({Predecessor:} 12. Qb5 Be6 13. Qxb6 Bxb6 14. Bxe6 fxe6 15. Ke2 Rad8 16. Rd1 e5 17. Be3 Bxe3 18. Kxe3 Rf6 {0-1 (63) Socko,B (2617)-Kantans,T (2447) Wroclaw 2014}) 12... Bd4 {[%mdl 1024] Black has compensation.} 13. c3 {The position is equal.} (13. d7 Bxd7 14. c3 Bf6 $17) 13... Bf6 14. h4 Be6 15. Bd3 $40 {[%csl Gd3][%cal Rh5h7][%mdl 128] Black needs to defend precisely.} g6 16. Qb5 Bf5 {[#]} (16... Ne5 $1 $11) 17. Be2 $1 $16 Qd8 18. Bf4 ({Inferior is} 18. Qxb7 Qxd6 19. Qb3 Rfe8 $19) 18... Re8 (18... Bd7 $14) 19. Rd1 ({Better is} 19. Qxb7 $16 Bd7 20. Qc7) 19... Qd7 20. Kf2 a6 21. Qb6 (21. Qd5 $142) 21... Bd8 $1 $11 (21... Qe6 22. Rhe1 $16) 22. Qc5 b6 ({Don't do} 22... Qe6 23. Rd2 $16) (22... Rc8 $11) 23. Qd5 $16 {White is more active. White leaves nothing to chance now.} Bc2 {[#]} (23... b5 $16) 24. Rde1 $1 $18 {Strongly threatening Bc4.} Be4 25. Qd2 b5 26. Kg3 {Inhibits Qg4+.} h5 27. Ng5 {[%cal Bf3g5,Bg5f7,Bf7e5][%mdl 32]} Bb6 (27... Bxg5 {keeps fighting.} 28. hxg5 Rad8) 28. Bd1 {Dancing on a razor blade.} Bb1 (28... Bf5 29. Bb3 Rf8) 29. Qd5 Rxe1 30. Rxe1 {[%cal Oe1e7]} Re8 {[#] Inhibits Re7.} 31. Nxf7 $1 {[%mdl 512]} Kg7 32. Rxe8 Qxe8 33. Ne5 {Threatens to win with d7.} Nd8 34. d7 Qf8 (34... Qe6 $142 35. Qd2 Be4) 35. Qd2 (35. Nf3 $142 {Threatening mate with Qe5+.} Qc5 36. Be5+ Kh7 37. Qxc5 Bxc5 38. Ng5+ Kh6 39. Bc7) 35... Qc5 (35... Qf5 $142 36. Nf3 Nf7) 36. Bb3 Bf5 37. Nf3 {Hoping for Be5+.} Qc6 $2 (37... Bc7 $18 38. c4 Bxf4+ 39. Kxf4 (39. Qxf4 Bxd7 40. cxb5 axb5 $16) 39... Qc7+ 40. Ke3 Qb6+ 41. Ke2 Bg4) 38. Be5+ Kf8 39. Qh6+ {Weighted Error Value: White=0.49/Black=0.66} 1-0

[Event "Spring Tour GM Mix A 2022"]
[Site "Cattolica"]
[Date "2022.03.12"]
[Round "4.1"]
[White "Vaishali R"]
[Black "Moksh Amit Doshi"]
[Result "1/2-1/2"]
[WhiteElo "2403"]
[BlackElo "2396"]
[Annotator "TA"]
[PlyCount "44"]
[EventDate "2022.03.10"]
[EventType "swiss"]
[EventCountry "ITA"]
[SourceTitle "playchess.com"]
[Source "ChessBase"]
[SourceQuality "1"]

{[%evp 18,44,0,0,-3,-14,-12,-12,-8,-18,-25,-4,-12,-18,-12,-27,13,-8,-14,-50,-43,-46,-41,-41,-41,-41,-32,-48,-46]} 1. d4 Nf6 2. c4 g6 3. g3 Bg7 4. Bg2 O-O 5. Nc3 Nc6 6. Nf3 d5 7. cxd5 Nxd5 8. O-O Nb6 9. Bf4 Nxd4 {is the legacy move (9...Be6).} 10. Nxd4 {[#] Hoping for Nb3.} e5 {D76: Fianchetto Grünfeld: Main Line with 7...Nb6.} 11. Ndb5 {Qxd8 is the strong threat.} exf4 12. Qxd8 Rxd8 {The position is equal.} 13. Nxc7 Rb8 {[%cal Ba8b8,Bb8c8,Bc8c3][%mdl 32]} 14. gxf4 Bg4 {[#]} 15. e3 $146 ({Predecessor:} 15. h3 Bh5 16. e3 Rd2 17. Rab1 Nc4 18. Ne4 Rd7 19. Nb5 Nd2 20. Nxd2 Rxd2 21. Nc3 f5 22. Rfc1 Bf6 23. a4 Bh4 24. Rf1 Kg7 {0-1 (24) Balasubramanian,R-Daus,P (2399) ICCF email 2007}) 15... Rd2 16. h3 Bxc3 ({Much weaker is} 16... Rxb2 17. hxg4 Bxc3 18. Rab1 $14) 17. bxc3 Be2 {[#] White must now prevent ...Rc8.} 18. Rfe1 {[%cal Bf1e1,Be1e2,Be2b2][%mdl 32]} Rc8 {Black is slightly better.} 19. Nd5 Nxd5 20. Bxd5 Rxd5 21. Rxe2 Rxc3 22. Rb2 b6 {Weighted Error Value: White=0.10 (very precise) /Black=0.06 (flawless)} 1/2-1/2

[Event "Spring Tour GM Mix A 2022"]
[Site "Cattolica"]
[Date "2022.03.12"]
[Round "4.2"]
[White "Pranav Anand"]
[Black "Gumularz, Szymon"]
[Result "1/2-1/2"]
[WhiteElo "2436"]
[BlackElo "2539"]
[Annotator "TA"]
[PlyCount "80"]
[EventDate "2022.03.10"]
[EventType "swiss"]
[EventCountry "ITA"]
[SourceTitle "playchess.com"]
[Source "ChessBase"]
[SourceQuality "1"]

{[%evp 23,80,4,18,-4,0,-10,0,0,0,0,0,0,0,0,0,0,0,0,0,0,0,0,0,0,15,7,10,9,8,8,18,0,0,0,0,0,0,0,0,0,0,0,0,0,362,0,0,0,0,0,0,0,0,0,0,0,0,0,0]} 1. d4 Nf6 2. c4 e6 3. Nc3 d5 4. cxd5 exd5 5. Bg5 c6 6. e3 h6 7. Bh4 Be7 8. Bd3 O-O 9. Qc2 Ne8 10. Bxe7 Qxe7 11. Nge2 Nd6 12. O-O Nd7 13. Na4 {[#] D36: Queen's Gambit Declined: Exchange Variation: Main line (5 Bg5 c6 6 Qc2).} Re8 $146 ({Predecessor:} 13... f5 14. Nf4 Rf6 15. Nc5 g5 16. Ne2 Ne4 17. Bxe4 fxe4 18. Nxd7 Bxd7 19. Qc5 Qf7 20. Qc2 Rf8 {½-½ (51) Gesser,B-Rapcsak,A Zalakaros 1995}) 14. Ng3 Nf6 15. b4 h5 16. h3 g6 17. a3 h4 18. Ne2 Bf5 19. Bxf5 Nxf5 20. Nc5 Nd6 21. Nc3 Kg7 22. Rfe1 Rac8 23. Qb3 a6 24. a4 {[%cal Ba3a4,Ba4b5,Bb5b6][%mdl 32]} Ra8 25. b5 axb5 26. axb5 Qc7 27. b6 Qe7 28. Qb4 Nde4 {Threatens to win with ...Rxa1.} 29. N3xe4 Nxe4 30. Ra7 Rab8 31. Rb1 Nxf2 32. Kxf2 Qxe3+ 33. Kf1 {Re1 is the strong threat.} Qf4+ $1 34. Kg1 {aiming for Qb2.} Re2 {To avoid Qb2. The position is equal.} 35. Kh1 Rbe8 {[%cal Oe2g2] ( -> ...Rxg2!)} 36. Rg1 (36. Nxb7 {[#]} Rxg2 $3 {[%mdl 512]}) 36... Rxg2 37. Rxg2 Qf1+ 38. Kh2 {Black must now prevent Qd2.} Qf4+ 39. Kh1 Qf1+ 40. Kh2 {Strongly threatening Qd2.} Qf4+ {Weighted Error Value: White=0.02 (flawless) /Black=0.01 (flawless)} 1/2-1/2

[Event "Spring Tour GM Mix A 2022"]
[Site "Cattolica"]
[Date "2022.03.12"]
[Round "4.3"]
[White "Deuer, Marius"]
[Black "Reuker, Jari"]
[Result "1/2-1/2"]
[WhiteElo "2304"]
[BlackElo "2425"]
[Annotator "TA"]
[PlyCount "37"]
[EventDate "2022.03.10"]
[EventType "swiss"]
[EventCountry "ITA"]
[SourceTitle "playchess.com"]
[Source "ChessBase"]
[SourceQuality "1"]

{[%evp 15,37,17,18,18,19,8,24,1,-3,-4,-13,-34,-32,-28,-33,-29,-22,-20,-28,-20,-18,-33,0,0]} 1. e4 {Nielsen,Peter Heine} e5 2. Nf3 Nc6 3. Bb5 {[%cal Bf1b5,Bb5a4,Ba4b3,Bb3a2,Ba2d5][%mdl 32]} a6 4. Ba4 Nf6 5. O-O Be7 6. d3 b5 7. Bb3 d6 8. a4 Bd7 {8...Bd7 scores better than 8...b4.} 9. c3 {C84: Closed Ruy Lopez: Unusual White 6th moves.} Na5 10. Ba2 c5 {[#]} 11. d4 $146 {White has an edge.} ({Predecessor:} 11. Bg5 O-O 12. Nbd2 Rb8 13. axb5 axb5 14. Re1 b4 15. Nc4 Nxc4 16. Bxc4 bxc3 17. bxc3 {1-0 (45) Carlsen,M (2863)-Tari,A (2633) Stavanger 2020 CBM 199 [Nielsen,Peter Heine]}) 11... Qc7 ({Don't play} 11... Nxe4 12. Re1 Nf6 13. dxe5 dxe5 14. Nxe5 $14) ({But not} 11... bxa4 12. dxe5 dxe5 13. Nxe5 $16) 12. Bg5 bxa4 13. dxe5 dxe5 14. Bxf6 Bxf6 15. Bd5 Rb8 16. Rxa4 Rxb2 17. Nbd2 {[%cal Oa4a5]} O-O 18. Ra3 {[#] aiming for Qa1.} Rbb8 19. Qa1 {Weighted Error Value: White=0.07 (flawless) /Black=0.07 (flawless)} 1/2-1/2

[Event "Spring Tour GM Mix A 2022"]
[Site "Cattolica"]
[Date "2022.03.12"]
[Round "4.4"]
[White "Van Foreest, Lucas"]
[Black "Murphy, Conno E"]
[Result "1-0"]
[WhiteElo "2563"]
[BlackElo "2427"]
[Annotator "TA"]
[PlyCount "75"]
[EventDate "2022.03.10"]
[EventType "swiss"]
[EventCountry "ITA"]
[SourceTitle "playchess.com"]
[Source "ChessBase"]
[SourceQuality "1"]

{[%evp 12,75,26,33,38,39,33,33,44,14,29,20,24,31,29,0,0,-9,0,0,0,0,0,0,110,123,128,135,83,91,108,90,83,90,106,97,99,111,110,104,95,95,100,119,325,319,287,266,381,370,525,506,578,578,578,578,578,578,578,578,578,578,556,528,446,385]} 1. d4 d5 2. c4 e6 3. Nf3 Nf6 4. g3 dxc4 5. Bg2 Nbd7 6. O-O c6 7. a4 b6 {E04: Open Catalan: 5 Nf3.} 8. Nfd2 $5 {[%csl LRc4,LRc6][%mdl 4] An interesting side line.} Ba6 9. Bxc6 Rc8 {[#] White is slightly better.} 10. Bg2 $146 (10. Bb5 {is interesting.} Bb7 11. Nc3 Be7 12. Nxc4 O-O 13. Qd3) ({Predecessor:} 10. Bb5 Bb7 11. Nc3 h5 12. e4 h4 13. Re1 hxg3 14. hxg3 Bb4 15. Bxc4 Qe7 16. Bf1 {0-1 (37) Makhnyov,D (2379)-Kostenko,P (2440) Almaty 2017}) 10... Nb8 {[%cal Bd7b8,Bb8c6,Bc6a5,Ba5b7,Bb7d6,Bd6b5][%mdl 32]} 11. Nf3 Nc6 12. Nc3 Bb4 13. Re1 (13. Ne5 {feels hotter.} Nxd4 14. Nb5 Bxb5 15. axb5 O-O 16. Be3) 13... Na5 14. Rb1 Bb7 15. Bg5 h6 16. Bxf6 Qxf6 17. Ne5 h5 (17... Qe7 $11) 18. Bxb7 $16 Nxb7 19. a5 $1 b5 {Prevents Qa4.} 20. a6 Nd6 {[#] Strongly threatening ...Bxc3.} 21. Nxb5 {[%mdl 512] White is more active.} Nxb5 22. Qa4 $1 {[%csl LRb4,LRb5]} O-O 23. Qxb4 Nxd4 24. Nd7 $36 {[%cal Be5d7,Bd7f8,Bf8e6][%mdl 2080] White has strong initiative.} (24. Nxc4 $2 Nc2 25. Qb5 Nxe1 26. Rxe1 h4 $19) 24... Qf5 25. Nxf8 {aiming for Nd7.} Nxe2+ 26. Rxe2 Qxb1+ 27. Re1 Qd3 {[#] A mistake that costs the game.} (27... Qc2 $16) 28. Nxe6 $1 $18 fxe6 {[%mdl 4096] Endgame KQR-KQR} 29. Qe7 {To avoid Qd7} ({But not} 29. Rxe6 $6 Rf8 30. Qe1 Qd4 $16) (29. Qb7 Rd8 30. Qxa7 Qd2 $18) 29... Qd5 (29... Rb8 $142 30. Qxe6+ (30. Qxa7 Rxb2 31. Qa8+ Kh7 $16) 30... Kh7) 30. Qxa7 h4 (30... Qd2 {was worth a try.} 31. Rf1 (31. Rxe6 $2 Qd1+ 32. Kg2 Qd5+ 33. Kg1 Qxe6 $19) 31... Qa5) 31. Qe7 {White is clearly winning.} h3 {[%csl Gh3][%cal Rd5g2]} 32. Qxe6+ Qxe6 33. Rxe6 {KR-KR} c3 34. bxc3 Rxc3 {( -> ...Rc1+)} 35. Kf1 Ra3 36. Re8+ Kf7 37. Rh8 Rxa6 38. Rxh3 {Weighted Error Value: White=0.02 (flawless) /Black=0.30} 1-0